000 00690nam a22001935i 4500
001 165798
003 ES-MaACL
005 20251002203457.0
008 050907s1853 fr | |||||||| ||fre d
040 _aCAM
_bspa
_cCAM
100 1 _aStowe, Harriet Beecher.
_9108346
245 1 3 _aLa case du père Tom ou Vie des nègres en Amérique /
_cpar Henriette Beecher Stowe ; traduction de La Bédollière.
260 _aParis :
_bGustave Barba libraire-éditeur,
_c1853 (
_fPlon frères imprimeurs)
300 _a323 p. ;
_c22 cm.
700 1 _aLa Bédollière, Émile de,
_d1812-1883
_9152767
852 _aES-MaACL
_jG-8730
_z-- Enc. hol.
999 _c165798
_d165798